000 00347nam a2200133Ia 4500
008 220530s9999 xx 000 0 und d
041 _aeng
082 _a510
_bDES
100 _aDeshmukh D T
_958984
245 _aA Text book of Engineering Mathematics - I
260 _aNagpur
_bDeshmukh Minu
_c2013
300 _a623 P
_bPB
906 _a48.75
_bALIED
999 _c52938
_d52938